Loading...
| Science - Physics | 1 | 6 | 1 | 2 | 70 | 66 | 102.43 | 0 | 4 |
| Science - Chemistry | 2 | 3 | 1 | 1 | 55 | 58 | 80.80 | 2 | 4 |
| Science - Biology | 2 | 3 | 3 | 2 | 45 | 57 | 98.00 | 1 | 3 |
| Thought - Philosophy | 0 | 4 | 0 | 0 | 40 | 102 | 111.25 | 0 | 3 |
| Science - Other Science | 0 | 5 | 2 | 1 | 40 | 72 | 96.00 | 1 | 5 |
| Science - Engineering | 1 | 2 | 0 | 0 | 35 | 33 | 81.00 | 1 | 3 |
| Other - Other Academic | 1 | 2 | 0 | 0 | 35 | 32 | 85.00 | 0 | 2 |
| Beliefs - Mythology | 0 | 3 | 0 | 1 | 30 | 94 | 115.67 | 0 | 2 |
| Literature - British Lit | 1 | 1 | 0 | 0 | 25 | 81 | 106.00 | 0 | 1 |
| History - Other History | 0 | 2 | 0 | 0 | 20 | 106 | 114.00 | 0 | 1 |
| Literature - Euro Lit | 0 | 2 | 0 | 0 | 20 | 91 | 101.00 | 0 | 1 |
| Literature - World Lit | 0 | 2 | 0 | 0 | 20 | 100 | 103.50 | 1 | 1 |
| Arts - Painting | 1 | 1 | 1 | 1 | 20 | 50 | 88.00 | 1 | 1 |
| Arts - Other Arts | 0 | 2 | 0 | 0 | 20 | 77 | 99.00 | 0 | 2 |
| Literature - American Lit | 1 | 0 | 0 | 0 | 15 | 86 | 86.00 | 1 | 1 |
| History - World History | 1 | 0 | 0 | 0 | 15 | 50 | 50.00 | 1 | 1 |
| Beliefs - Religion | 0 | 2 | 1 | 0 | 15 | 106 | 117.50 | 0 | 0 |
| Other - Geo/CE | 0 | 2 | 1 | 0 | 15 | 91 | 92.00 | 0 | 1 |
| Thought - Social Science | 0 | 1 | 0 | 0 | 10 | 116 | 116.00 | 0 | 0 |
| Other - Pop Culture | 0 | 1 | 0 | 1 | 10 | 145 | 145.00 | 0 | 0 |
| Arts - Music | 0 | 1 | 0 | 0 | 10 | 120 | 120.00 | 0 | 1 |
| History - Euro History | 0 | 1 | 1 | 0 | 5 | 78 | 78.00 | 0 | 1 |
| History - American History | 0 | 0 | 1 | 0 | -5 | 0.00 | 0 | 0 |